000 00222 a2200097 4500
001 29050
100 _aTippett L.H.C
245 _aStatistics 3rd edition
260 _a
_bOxford University Press
_c
090 _c19401
_d19401
942 _aNUST-CAE
_cM
_c10449
999 _c264123
_d264123